| 000 | 01303nam a22002535a 4500 | ||
|---|---|---|---|
| 999 |
_c27050 _d27022 |
||
| 003 | EG-ScBUE | ||
| 005 | 20190129120339.0 | ||
| 008 | 190129s2011 ua frb 000 0 ara d | ||
| 040 |
_aEG-ScBUE _bara _cEG-ScBUE _dEG-ScBUE |
||
| 043 | _af-ua--- | ||
| 082 | 0 | 4 |
_a344.6204194 _bخ ل ي _222 |
| 100 | 1 |
_aخليل، محمد صلاح الدين إبراهيم. _941965 |
|
| 245 | 1 | 0 |
_aحكم نقل وزرع أعضاء الإنسان بين الإباحة والتحريم : _bدراسة مقارنة بين الفقه الإسلامي والقانون الوضعي : مع التعليق على القانون المصري رقم 5 لسنة 2010 بشأن نقل وزراعة الأعضاء البشرية / _cتأليف محمد صلاح الدين إبراهيم خليل. |
| 250 | _aط. 1. | ||
| 260 |
_a[القاهرة] : _bنادي القضاة، _c2011. |
||
| 300 |
_a491 ص. ؛ _c24 سم. |
||
| 504 | _aيشتمل على إرجاعات ببليوجرافية. | ||
| 541 |
_aد. أحمد حمد ؛ _cإهداء ؛ |
||
| 650 | 7 |
_aزراعة الأعضاء والأنسجة _xقوانين وتشريعات _zمصر. _2BUEsh _941144 |
|
| 650 | 7 |
_aزراعة الأعضاء والأنسجة (فقه إسلامي) _2BUEsh _941041 |
|
| 651 | _2BUEsh | ||
| 653 |
_bLLAAWW _cJanuary2019 |
||
| 942 | _2ddc | ||